[Event "2024 British Rapidplay Championship"]
[Site "Holiday Inn Peterborough - West"]
[Date "2024.03.02"]
[Round "3.48"]
[White "Vijayakumar, Rishi"]
[Black "Kothari, Jai"]
[Result "1/2-1/2"]
[WhiteFideId "2408953"]
[BlackFideId "477117"]
[WhiteElo "1809"]
[BlackElo "1908"]
[EventDate "2024.03.02"]

1. d4 Nf6 2. c4 c5 3. d5 b5 4. cxb5 a6 5. e3 axb5 6. Bxb5 e6 7. dxe6 fxe6 8. Nf3
Be7 9. O-O O-O 10. b3 Bb7 11. Bb2 Qc7 12. Nbd2 Na6 13. h3 d5 14. Ng5 Qb6 15. Bd3
Nb4 16. Bb1 h6 17. Ngf3 Ba6 18. Re1 Nd3 19. Bxd3 Bxd3 20. Ne5 Bh7 21. Ndf3 Qc7 22.
Nh4 Ne4 23. Nhg6 Bxg6 24. Nxg6 Rxf2 25. Be5 Bd6 26. Qg4 Bxe5 27. Qxe6+ Kh7 28. Nxe5
Rd8 29. Qg6+ Kg8 30. Rf1 Rxf1+ 31. Rxf1 Qxe5 32. Rf5 Qe7 33. Qc6 Qd6 34. Qb7 Rf8
35. Qxd5+ Qxd5 36. Rxd5 Re8 37. a4 Kf7 38. Rd7+ Re7 39. Rd8 Rb7 40. Rd3 Ke6 41. Kf1
Ke5 42. Ke2 Rf7 43. Rd8 Rf2+ 44. Ke1 Rxg2 45. a5 Ra2 46. Ra8 Ra3 47. a6 Nf6 48. a7
Ke4 49. Kd2 Ra2+ 50. Kc3 Kxe3 51. Kc4 Ra5 52. h4 Kf4 53. b4 cxb4 54. Kxb4 Ra1 55.
Kc5 Kg4 56. Kb6 Kxh4 57. Rd8 g5 58. a8=Q Rxa8 59. Rxa8 g4 60. Kc5 g3 61. Kd4 g2 62.
Ra1 Kg3 63. Ke5 Ng4+ 64. Kf5 h5 65. Kg5 h4 66. Ra3+ Kh2 67. Kxh4 Ne5 68. Rh3+ Kg1
69. Rg3 1/2-1/2

[Event "2024 British Rapidplay Championship"]
[Site "Holiday Inn Peterborough - West"]
[Date "2024.03.02"]
[Round "3.49"]
[White "Fairhurst, Frederick"]
[Black "Garnett, John S"]
[Result "1/2-1/2"]
[WhiteFideId "343425682"]
[BlackFideId "410829"]
[WhiteElo "1600"]
[BlackElo "1950"]
[EventDate "2024.03.02"]

1. e4 d5 2. exd5 Nf6 3. Bb5+ Nbd7 4. Nc3 a6 5. Ba4 b5 6. Bb3 Nb6 7. Qf3 Bb7 8. d4
Nbxd5 9. Nxd5 Nxd5 10. Ne2 e6 11. c3 Be7 12. O-O O-O 13. Qd3 Nf6 14. Bc2 Be4 15.
Qd2 Bxc2 16. Qxc2 c5 17. Bf4 Rc8 18. Rad1 Qb6 19. Rfe1 Rfd8 20. Be3 Ng4 21. Qe4 Nxe3
22. Qxe3 cxd4 23. Rxd4 Bc5 24. Rxd8+ Rxd8 25. Qf4 h6 26. g3 Rd5 27. g4 Qd8 28. Ng3
Rd1 29. Rxd1 Qxd1+ 30. Kg2 Qd5+ 31. Qe4 Qxa2 32. Qa8+ Kh7 33. Qe4+ g6 34. Qe5 Qd5+
35. Qxd5 exd5 36. f4 Kg7 37. Kf3 Kf6 38. Ke2 Bd6 39. Ke3 g5 40. f5 Bxg3 41. hxg3
Ke5 42. b4 f6 43. Kd3 Kd6 44. Kd4 1/2-1/2

[Event "2024 British Rapidplay Championship"]
[Site "Holiday Inn Peterborough - West"]
[Date "2024.03.02"]
[Round "3.50"]
[White "Kanyamarala, Trisha"]
[Black "Williams, Ana"]
[Result "1-0"]
[WhiteFideId "45004722"]
[BlackFideId "343419771"]
[WhiteElo "2073"]
[BlackElo "1804"]
[EventDate "2024.03.02"]

1. d4 Nf6 2. c4 e6 3. Nf3 d5 4. Nc3 c5 5. cxd5 Nxd5 6. e4 Nxc3 7. bxc3 cxd4 8. cxd4
Bb4+ 9. Bd2 Bxd2+ 10. Qxd2 O-O 11. Bc4 b6 12. O-O Bb7 13. Rfe1 Nd7 14. Rad1 Rc8 15.
Bb3 Qf6 16. Qe3 h6 17. h3 Rfd8 18. Rd2 Nf8 19. Ne5 Ng6 20. Nxg6 Qxg6 21. Rd3 Rc7
22. d5 exd5 23. exd5 Rcd7 24. Qf3 Rd6 25. Re7 R6d7 26. Rxd7 Rxd7 27. Re3 Qg5 28.
Re8+ Kh7 29. Qd3+ f5 30. Re1 g6 31. Qb5 Qd8 32. Re5 Re7 33. Qe2 Rxe5 34. Qxe5 Qd7
35. d6 h5 36. Qe7+ Qxe7 37. dxe7 Bc6 38. Bf7 a5 39. e8=Q Bxe8 40. Bxe8 Kg7 41. a4
h4 42. f4 Kf6 43. Kf2 g5 44. fxg5+ Kxg5 45. Kf3 f4 46. Bd7 1-0

[Event "2024 British Rapidplay Championship"]
[Site "Holiday Inn Peterborough - West"]
[Date "2024.03.02"]
[Round "3.51"]
[White "Graff, Ben"]
[Black "Quilter, Thomas A"]
[Result "0-1"]
[WhiteFideId "424170"]
[BlackFideId "408530"]
[WhiteElo "1782"]
[BlackElo "2051"]
[EventDate "2024.03.02"]

1. e4 Nc6 2. d4 d6 3. Nf3 Nf6 4. Nc3 g6 5. d5 Nb8 6. Bg5 Bg7 7. Qd2 e5 8. Bh6 O-O
9. Bxg7 Kxg7 10. Bd3 Nbd7 11. O-O-O Nc5 12. Qg5 Nh5 13. g3 Qxg5+ 14. Nxg5 Bg4 15.
f3 Bd7 16. Bf1 h6 17. Nh3 f5 18. b4 Na6 19. Bxa6 bxa6 20. exf5 gxf5 21. Nf2 Rab8
22. a3 Nf6 23. Rhg1 Kh7 24. g4 fxg4 25. Nxg4 Nh5 26. Rdf1 Rf7 27. Ne4 Rbf8 28. Nd2
Nf4 29. Rf2 Nh3 30. Rfg2 Nxg1 31. Rxg1 Rg8 32. Ne4 Bxg4 33. fxg4 Rf4 34. Nd2 Rfxg4
35. Re1 Rg1 36. Kd1 R8g2 37. Nf1 Rf2 38. Nd2 Rxe1+ 39. Kxe1 Rxh2 40. Kd1 h5 41. Nf3
Rf2 42. Ng5+ Kg6 43. Ne6 h4 44. Nxc7 h3 45. Ne8 h2 46. Ke1 Rg2 0-1

[Event "2024 British Rapidplay Championship"]
[Site "Holiday Inn Peterborough - West"]
[Date "2024.03.02"]
[Round "3.52"]
[White "Walton, Alan J"]
[Black "Li, Xiaofan"]
[Result "1/2-1/2"]
[WhiteFideId "409898"]
[BlackFideId "343432689"]
[WhiteElo "2063"]
[BlackElo "1771"]
[EventDate "2024.03.02"]

1. d4 d5 2. c4 e6 3. Nc3 Nf6 4. Nf3 Be7 5. e3 b6 6. Bd3 Bb7 7. cxd5 exd5 8. O-O O-O
9. Qc2 Na6 10. a3 c5 11. Ne5 c4 12. Be2 Nd7 13. Nxd7 Qxd7 14. Bf3 Nc7 15. Bd2 b5
16. Ne2 Ne6 17. Ng3 Ng5 18. Be2 f5 19. f4 Ne4 20. Nxe4 fxe4 21. Qd1 a5 22. Qe1 Rf6
23. Bxa5 Rh6 24. Bb4 Bh4 25. g3 Qh3 26. Qf2 Bxg3 27. Qxg3 Rg6 28. Kf2 Rxg3 29. hxg3
Qh2+ 30. Ke1 Qxg3+ 31. Kd2 Ra6 32. Rg1 Qh4 33. Rg4 Qh6 34. Rgg1 Bc8 35. Rg5 Bb7 36.
Rgg1 Bc8 37. Rg5 Bb7 38. Rgg1 1/2-1/2

[Event "2024 British Rapidplay Championship"]
[Site "Holiday Inn Peterborough - West"]
[Date "2024.03.02"]
[Round "3.53"]
[White "Gunarathne, Senith"]
[Black "Fraser-Mitchell, Jeremy N"]
[Result "0-1"]
[WhiteFideId "343104324"]
[BlackFideId "405000"]
[WhiteElo "1591"]
[BlackElo "1984"]
[EventDate "2024.03.02"]

1. e4 Nc6 2. Nf3 Nf6 3. Nc3 d5 4. exd5 Nxd5 5. Bc4 Nxc3 6. bxc3 e6 7. d4 Be7 8. Bf4
O-O 9. O-O b6 10. Bd3 Bb7 11. Re1 Rc8 12. Be4 Na5 13. Qd3 Bxe4 14. Qxe4 Re8 15. Rad1
Qd7 16. Ne5 Qa4 17. Re3 f5 18. Qd3 Bf6 19. Rh3 c5 20. Qf3 g6 0-1

[Event "2024 British Rapidplay Championship"]
[Site "Holiday Inn Peterborough - West"]
[Date "2024.03.02"]
[Round "3.54"]
[White "Lishoy Gengis Paratazham, Dildarav"]
[Black "Zhang, Junyi"]
[Result "1-0"]
[WhiteFideId "491462"]
[BlackFideId "494437"]
[WhiteElo "1913"]
[BlackElo "1701"]
[EventDate "2024.03.02"]

1. e4 c5 2. d3 Nc6 3. g3 g6 4. Bg2 Bg7 5. f4 d6 6. Nf3 e6 7. c3 d5 8. e5 Nge7 9.
O-O O-O 10. Be3 b6 11. Bf2 Ba6 12. Re1 h5 13. h3 Rc8 14. Na3 Nb8 15. Nc2 Bb7 16.
d4 c4 17. g4 hxg4 18. hxg4 Bh6 19. g5 Bg7 20. Ne3 Nf5 21. Ng4 Kh7 22. Nf6+ Bxf6 23.
gxf6 Rh8 24. Ng5+ Kg8 25. Qg4 Kf8 26. Bf3 Ke8 27. Kg2 Nh6 28. Qh3 Kd7 29. Rh1 Qc7
30. Bg4 Nxg4 31. Qxg4 Kc6 32. a4 a5 33. Kg3 1-0

[Event "2024 British Rapidplay Championship"]
[Site "Holiday Inn Peterborough - West"]
[Date "2024.03.02"]
[Round "3.55"]
[White "De Silva, Sithun"]
[Black "Waldhausen Gordon, Frederick"]
[Result "0-1"]
[WhiteFideId "343419925"]
[BlackFideId "2409143"]
[WhiteElo "1737"]
[BlackElo "2045"]
[EventDate "2024.03.02"]

1. Nf3 Nf6 2. g3 g6 3. Bg2 Bg7 4. d4 d5 5. O-O c6 6. c3 O-O 7. Re1 Bf5 8. Qb3 Qc8
9. Bf4 Nbd7 10. Nbd2 c5 11. Ne5 c4 12. Qa3 Re8 13. b3 b5 14. e4 Nxe4 15. Nxe4 Bxe4
16. Bxe4 dxe4 17. Nxd7 Qxd7 18. Rxe4 Rac8 19. Rae1 e6 20. b4 h6 21. Be5 f6 22. Bf4
g5 23. Bd2 f5 24. R4e2 Kf7 25. Qc1 a5 26. a3 axb4 27. axb4 Qd5 28. h4 gxh4 29. Bxh6
h3 30. f3 Qxf3 31. Qe3 Qxe3+ 32. Bxe3 e5 33. Kh2 exd4 34. Bxd4 Rxe2+ 35. Rxe2 Bxd4
36. cxd4 c3 37. Rc2 Ke6 38. Kxh3 Kd5 39. g4 fxg4+ 40. Kxg4 Kxd4 41. Kf3 Kd3 42. Ra2
c2 43. Ra3+ Rc3 0-1

[Event "2024 British Rapidplay Championship"]
[Site "Holiday Inn Peterborough - West"]
[Date "2024.03.02"]
[Round "3.56"]
[White "Grigoryan, Meri"]
[Black "Herring, Tim JC"]
[Result "1-0"]
[WhiteFideId "13300571"]
[BlackFideId "429775"]
[WhiteElo "1957"]
[BlackElo "1755"]
[EventDate "2024.03.02"]

1. d4 d5 2. Nf3 Bf5 3. c4 c6 4. cxd5 cxd5 5. Qb3 Qc8 6. Nc3 e6 7. Bf4 Nc6 8. a3 a6
9. Rc1 Qd7 10. e3 Nf6 11. Be2 Be7 12. Ne5 Nxe5 13. Bxe5 O-O 14. O-O Ng4 15. Bxg4
Bxg4 16. Na4 Bd8 17. Nc5 Qe7 18. Nxb7 Ra7 19. Nxd8 Rxd8 20. Rc6 Qd7 21. Rfc1 Rb7
22. Qc3 h6 23. Rxa6 Qb5 24. Rc6 Qxb2 25. Qa5 Re8 26. h3 Bh5 27. Rc8 Rxc8 28. Rxc8+
Kh7 29. Qd8 f6 30. Qg8+ Kg6 31. Qe8+ Rf7 32. Bf4 Qb1+ 33. Kh2 Qb7 34. Rc7 Qxc7 35.
Bxc7 Kf5 36. g4+ Ke4 37. gxh5 Rxc7 38. Qxe6+ Kd3 39. Qxd5 Rc2 40. Qf5+ Kc3 41. Qxc2+
Kxc2 42. d5 1-0

[Event "2024 British Rapidplay Championship"]
[Site "Holiday Inn Peterborough - West"]
[Date "2024.03.02"]
[Round "3.57"]
[White "Takvorian, Sebouh"]
[Black "Baer, Bruce L"]
[Result "0-1"]
[WhiteFideId "430960"]
[BlackFideId "488801"]
[WhiteElo "1735"]
[BlackElo "1918"]
[EventDate "2024.03.02"]

1. e4 g6 2. d4 Bg7 3. Nc3 a6 4. Be3 b5 5. Bd3 d6 6. Qd2 Bb7 7. f4 Nh6 8. h3 f5 9.
e5 O-O 10. O-O-O b4 11. Na4 Qd7 12. b3 a5 13. Nf3 Bc6 14. Nb2 a4 15. Qxb4 axb3 16.
Qxb3+ e6 17. Ng5 d5 18. Be2 Na6 19. Bxa6 Rfb8 20. Qd3 Bf8 21. c4 Rxa6 22. c5 Rxa2
23. Kb1 Rbxb2+ 24. Kc1 Ba4 25. Rd2 Rc2+ 26. Rxc2 Rxc2+ 27. Qxc2 Bxc2 28. Kxc2 Qa4+
29. Kd3 Qc4+ 30. Kd2 Qa2+ 31. Kd3 Be7 32. Nxe6 Qa6+ 0-1

[Event "2024 British Rapidplay Championship"]
[Site "Holiday Inn Peterborough - West"]
[Date "2024.03.02"]
[Round "3.58"]
[White "Yu, Rock"]
[Black "Jacklin, Sam"]
[Result "0-1"]
[WhiteFideId "489000"]
[BlackFideId "343414850"]
[WhiteElo "1907"]
[BlackElo "1723"]
[EventDate "2024.03.02"]

1. c4 c6 2. Qa4 Nf6 3. Nc3 g6 4. e4 Bg7 5. g3 O-O 6. Bg2 e6 7. Nge2 Na6 8. O-O Nc7
9. d4 d5 10. cxd5 cxd5 11. e5 Nd7 12. Qd1 b6 13. b3 Ba6 14. Ba3 Re8 15. Qd2 Rc8 16.
Rac1 Nb8 17. Rfe1 Qd7 18. f4 Nc6 19. h4 h5 20. Bf3 Ne7 21. Bb2 Nf5 22. Kf2 Qe7 23.
Rh1 Nb5 24. a4 Nc7 25. Nd1 b5 26. Ne3 bxa4 27. Nxf5 exf5 28. bxa4 Qd7 29. Qa5 Bc4
30. Nc3 Rb8 31. Ba3 a6 32. Bd6 Rb2+ 33. Ke3 Qxd6 34. Rb1 Qa3 35. Rxb2 Qxb2 36. Rb1
Qc2 37. Rd1 Ne6 38. Rd2 Qb3 39. Bd1 Qb7 40. Bf3 Rb8 41. Nxd5 Qb3+ 42. Nc3 Rb4 0-1

[Event "2024 British Rapidplay Championship"]
[Site "Holiday Inn Peterborough - West"]
[Date "2024.03.02"]
[Round "3.59"]
[White "Green, Michael"]
[Black "Railwani, Tavish"]
[Result "1/2-1/2"]
[WhiteFideId "437514"]
[BlackFideId "2410249"]
[WhiteElo "1894"]
[BlackElo "1714"]
[EventDate "2024.03.02"]

1. c3 d5 2. d4 Nf6 3. Bf4 Bf5 4. Qb3 b6 5. e3 Nbd7 6. Bb5 e6 7. Nf3 Be7 8. Ne5 Bd6
9. Bc6 Rb8 10. Qa4 Bxe5 11. Bxe5 O-O 12. Qxa7 Nxe5 13. dxe5 Ng4 14. O-O Nxe5 15.
Qa4 Nc4 16. b3 Nd6 17. c4 dxc4 18. bxc4 Bd3 19. Rd1 Bxc4 20. Rxd6 Qxd6 21. Qxc4 Qd1+
22. Qf1 Qc2 23. Bb5 Qb2 24. Nc3 Qxc3 25. Rc1 Qe5 26. a4 Rfd8 27. Bc6 h6 28. g3 Rd2
29. Qb5 Qf6 30. Rf1 Rb2 31. Qc4 Rd2 32. Qb5 Rbd8 33. Be4 R2d6 34. Kg2 Qc3 35. Qb1
Qa5 36. Rc1 c5 37. Qb5 Qxb5 38. axb5 Rd2 39. Ra1 Rb2 40. Bc6 Rdd2 41. Kf3 Rxf2+ 42.
Ke4 Rb4+ 43. Ke5 Re2 44. Ra6 Rd4 45. e4 f6+ 46. Kxe6 Kh7 47. Rxb6 c4 48. Kf5 c3 49.
Bd5 Rxd5+ 50. exd5 Re5+ 51. Kf4 Rxd5 52. Rc6 Rxb5 53. Rxc3 Rb4+ 54. Kf3 Rb2 55. h4
Rb5 56. Rd3 Re5 57. Rb3 Kg6 58. Rb7 h5 59. Ra7 Rb5 60. Ra3 Rb1 61. Rc3 Rf1+ 62. Kg2
Rf5 63. Rc7 Rd5 64. Rc3 Kf5 65. Kf3 g5 66. hxg5 fxg5 67. Rc2 Rd3+ 68. Kg2 Re3 69.
Rb2 Re4 70. Kf3 g4+ 71. Kf2 Re5 72. Ra2 Rd5 73. Rb2 Ke4 74. Ra2 Rf5+ 75. Kg2 Ke3
76. Ra3+ Kd2 77. Ra2+ Kd3 78. Ra3+ Kc2 79. Ra2+ Kb3 80. Re2 Kc4 81. Ra2 Rd5 82. Kf2
Kc3 83. Ra3+ Kb4 84. Ra8 Re5 85. Rc8 Kb5 86. Rc7 Kb6 87. Rc8 Kb7 88. Rc3 Rf5+ 89.
Kg2 Kb6 90. Rc8 Rc5 91. Rh8 Kb5 92. Kf2 Re5 93. Rc8 Kb4 94. Rc7 Rf5+ 95. Ke2 Rf3
96. Rh7 Rxg3 97. Rxh5 Rf3 98. Rg5 Rf4 99. Ke3 Rc4 100. Kf2 Kc3 101. Kg3 Rd4 102.
Rxg4 Rd3 103. Kh4 Kc2 104. Rg2+ Kc3 105. Rg3 Kd4 106. Rxd3+ Kxd3 1/2-1/2

[Event "2024 British Rapidplay Championship"]
[Site "Holiday Inn Peterborough - West"]
[Date "2024.03.02"]
[Round "3.60"]
[White "Smith, Andrew PE"]
[Black "Dicen, Elis Denele"]
[Result "0-1"]
[WhiteFideId "469793"]
[BlackFideId "462560"]
[WhiteElo "1645"]
[BlackElo "1892"]
[EventDate "2024.03.02"]

1. d4 d5 2. Nf3 Nf6 3. e3 e6 4. Bd3 c5 5. b3 Nc6 6. a3 Bd6 7. Bb2 O-O 8. Nbd2 b6
9. O-O Bb7 10. Qe2 cxd4 11. exd4 Rc8 12. Ne5 Ne7 13. f4 Qc7 14. Rf3 Ne4 15. Nxe4
dxe4 16. Bxe4 Bxe4 17. Qxe4 Qxc2 18. Qxc2 Rxc2 19. Rf2 Rc7 20. Nc4 Rd8 21. g3 Nd5
22. Nxd6 Rxd6 23. f5 g6 24. fxe6 Rxe6 25. Raf1 f5 26. g4 f4 27. Bc1 g5 28. h4 h6
29. hxg5 hxg5 30. Rh2 Rc3 31. b4 Rd3 32. Bb2 Rg3+ 33. Kf2 Rxg4 34. Rfh1 Nf6 35. Rh8+
Kf7 36. Kf1 Rg3 37. d5 Ree3 38. R1h6 Ng4 39. R6h7+ Kg6 40. Rg7+ Kf5 41. Rf8+ Ke4
42. Re7+ Kf3 43. Ref7 Nh2# 0-1

[Event "2024 British Rapidplay Championship"]
[Site "Holiday Inn Peterborough - West"]
[Date "2024.03.02"]
[Round "3.61"]
[White "Pang, Ethan"]
[Black "Markan, Sanket"]
[Result "1/2-1/2"]
[WhiteFideId "496995"]
[BlackFideId "343442226"]
[WhiteElo "1887"]
[BlackElo "1680"]
[EventDate "2024.03.02"]

1. e4 c5 2. Nc3 Nc6 3. d3 Nf6 4. g3 d5 5. exd5 Nxd5 6. Bg2 e6 7. Nge2 Be7 8. O-O
O-O 9. Nxd5 exd5 10. Nf4 d4 11. Re1 Re8 12. Nd5 Be6 13. Nxe7+ Rxe7 14. Bf4 Bd5 15.
Rxe7 Nxe7 16. Qh5 Bxg2 17. Kxg2 Qd5+ 18. Qxd5 Nxd5 19. Bd6 b6 20. Re1 f6 21. Bf4
Nxf4+ 22. gxf4 Kf7 23. Kf3 Rd8 24. a4 a5 25. Re2 Rd5 26. Re1 Rh5 27. Kg3 Rd5 28.
Kf3 Rd6 29. Re2 Re6 30. Re4 f5 31. Rxe6 Kxe6 32. h3 Kf6 33. Kg3 g5 34. fxg5+ Kxg5
35. f4+ Kh5 36. b3 h6 37. Kf3 Kh4 38. Kg2 h5 39. Kh2 1/2-1/2

[Event "2024 British Rapidplay Championship"]
[Site "Holiday Inn Peterborough - West"]
[Date "2024.03.02"]
[Round "3.62"]
[White "Ortiz Sanchez, Luis"]
[Black "Barton, Ben"]
[Result "1-0"]
[WhiteFideId "24581160"]
[BlackFideId "343416993"]
[WhiteElo "1909"]
[BlackElo "1671"]
[EventDate "2024.03.02"]

1. e4 c5 2. Nc3 Nc6 3. f4 d6 4. Nf3 Nf6 5. Bb5 a6 6. Bxc6+ bxc6 7. d3 Bg4 8. h3 Bxf3
9. Qxf3 d5 10. e5 Nd7 11. O-O e6 12. b3 Be7 13. Bb2 O-O 14. Rae1 Qb6 15. Na4 Qa7
16. Kh1 Rab8 17. f5 Qc7 18. f6 gxf6 19. exf6 Bxf6 20. Bxf6 Nxf6 21. Qxf6 Qg3 22.
Re5 h6 23. Rf4 Rb4 24. c4 Kh7 25. Rg4 Qxg4 26. hxg4 Rg8 27. Qxf7+ Rg7 28. Qxe6 d4
29. Qf5+ Kh8 30. Re8+ Rg8 31. Qf6+ Kh7 32. Re7+ Rg7 33. Qxg7# 1-0

[Event "2024 British Rapidplay Championship"]
[Site "Holiday Inn Peterborough - West"]
[Date "2024.03.02"]
[Round "3.63"]
[White "Kennedy, Aden"]
[Black "Nicholas, Koichi B"]
[Result "0-1"]
[WhiteFideId "343401015"]
[BlackFideId "409820"]
[WhiteElo "1639"]
[BlackElo "1987"]
[EventDate "2024.03.02"]

1. e4 e5 2. Nf3 Nc6 3. Bc4 Nf6 4. d4 exd4 5. O-O Bc5 6. e5 Ng4 7. Bxf7+ Kxf7 8. Ng5+
Kg8 9. Qxg4 h6 10. Nf3 d6 11. e6 Qf6 12. Re1 Ne5 13. Nxe5 dxe5 14. Qe4 Qxe6 15. Qxe5
Qxe5 16. Rxe5 Bd6 17. Re4 c5 18. b3 Bf5 19. Re2 Kf7 20. Bb2 Rhe8 21. Rxe8 Rxe8 22.
Na3 a6 23. Nc4 Bc7 24. Rc1 Re2 25. Na3 Bf4 26. Rf1 Bxc2 27. g3 Bc7 28. Rc1 d3 29.
Nxc2 dxc2 30. Kf1 Rd2 31. Ke1 Ba5 32. b4 Bxb4 33. a3 Ba5 34. h4 g6 35. Kf1 Bc3 36.
Ke1 Rd1+ 37. Ke2 Bxb2 38. Rxc2 Rb1 39. Rxc5 Bxa3 40. Rc7+ Kf6 41. f4 Rb2+ 42. Kf3
Rb3+ 43. Kf2 a5 44. Rh7 h5 45. Rd7 a4 46. Rd5 b6 47. Rd2 Rb2 48. Ke3 Bc5+ 49. Kd3
Rxd2+ 50. Kxd2 Bf2 51. Kd3 Bxg3 52. Kc4 Bxh4 53. Kb4 Kf5 54. Kxa4 Kxf4 55. Kb5 Bf6
56. Kxb6 h4 57. Kc6 h3 58. Kd6 h2 59. Ke6 Kg5 60. Kf7 h1=Q 61. Ke6 Qe4+ 62. Kd6 Qe5+
63. Kd7 Kf5 64. Kc6 Ke6 65. Kb6 Qd5 66. Kc7 Qd6+ 67. Kb7 Qc5 68. Ka6 Qb4 69. Ka7
Kd7 70. Ka8 Kc7 71. Ka7 Qa5# 0-1

[Event "2024 British Rapidplay Championship"]
[Site "Holiday Inn Peterborough - West"]
[Date "2024.03.02"]
[Round "3.64"]
[White "Zajaczkowski, Marek"]
[Black "Fava, Lorenzo"]
[Result "0-1"]
[WhiteFideId "343410685"]
[BlackFideId "2837434"]
[WhiteElo "1672"]
[BlackElo "1913"]
[EventDate "2024.03.02"]

1. e4 Nf6 2. Nc3 d5 3. e5 Nfd7 4. e6 fxe6 5. Nf3 g6 6. d4 Bg7 7. Bd3 c5 8. Bb5 a6
9. Bxd7+ Nxd7 10. dxc5 O-O 11. Ng5 Nxc5 12. Bd2 h6 13. Nf3 e5 14. O-O Bg4 15. Qc1
Bxf3 16. gxf3 Kh7 17. f4 exf4 18. Bxf4 e5 19. Bg3 d4 20. Ne2 Qd5 21. c4 Qf3 22. a4
Qxe2 23. Re1 Qf3 24. Ra3 Nd3 25. Qd2 Nxe1 26. Rxf3 Nxf3+ 0-1

[Event "2024 British Rapidplay Championship"]
[Site "Holiday Inn Peterborough - West"]
[Date "2024.03.02"]
[Round "3.65"]
[White "Waterman, Nick I"]
[Black "Hng, Mei-En Emmanuelle"]
[Result "0-1"]
[WhiteFideId "443123"]
[BlackFideId "5804566"]
[WhiteElo "1667"]
[BlackElo "1974"]
[EventDate "2024.03.02"]

1. c4 e5 2. g3 Nf6 3. Bg2 Bc5 4. Nc3 O-O 5. e3 c6 6. Nf3 e4 7. Ng5 d5 8. cxd5 cxd5
9. O-O Nc6 10. d4 Be7 11. Nh3 Bg4 12. Qb3 Na5 13. Qc2 Qd7 14. Nf4 g5 15. Nfe2 Bf3
16. a3 Rac8 17. Re1 a6 18. b3 Qg4 19. Qd2 Nxb3 20. Qb2 Nxa1 21. Qxa1 Rc7 22. Bd2
Rfc8 23. Qb2 b5 24. Qb3 Rc4 25. h3 Qd7 26. Kh2 Bxg2 27. Kxg2 Qd6 28. Nb1 h5 29. Bb4
Qd7 30. Bxe7 Qxe7 31. Nbc3 Qc7 32. Rc1 Qc6 33. Rc2 Nd7 34. Rc1 Nb6 35. Rc2 Na4 0-1

[Event "2024 British Rapidplay Championship"]
[Site "Holiday Inn Peterborough - West"]
[Date "2024.03.02"]
[Round "3.66"]
[White "McCarthy, Kevin C"]
[Black "Keshari, Krish"]
[Result "1-0"]
[WhiteFideId "470775"]
[BlackFideId "496197"]
[WhiteElo "1974"]
[BlackElo "1666"]
[EventDate "2024.03.02"]

1. d4 d5 2. Nf3 e6 3. Bf4 Nf6 4. Nc3 c6 5. e3 Bd6 6. Bd3 O-O 7. Ne5 c5 8. dxc5 Bxe5
9. Bxe5 Nbd7 10. Bd6 Re8 11. Nb5 Qa5+ 12. c3 Rf8 13. b4 Qd8 14. Bxf8 Nxf8 15. Nd6
a5 16. a3 b6 17. Nb5 bxc5 18. bxc5 N8d7 19. c6 Nc5 20. c4 Ba6 21. O-O Qb6 22. Rb1
Qxc6 23. cxd5 Nxd5 24. Nd4 Qd6 25. Bxa6 Qxa6 26. Qf3 Nd3 27. Rfd1 Ne5 28. Qe4 Nc4
29. Nb5 Nd6 30. Nxd6 Qxd6 31. Qc2 Qa6 32. e4 Nf6 33. h3 h6 34. Rbc1 Qb7 35. f3 Qb6+
36. Qf2 Qb3 37. Ra1 Rc8 38. Qa7 Qb5 39. Rab1 Qg5 40. Rb8 Rxb8 41. Qxb8+ Kh7 42. Qb6
Nh5 43. Qf2 Nf4 44. Kh2 Qe5 45. g3 Ng6 46. Qd4 Qb5 47. Rd2 Ne5 48. Qf2 Qb3 49. Ra2
Nxf3+ 50. Kg2 Ng5 51. Qc2 Qb7 52. Rb2 Qa8 53. Rb5 Nxe4 54. g4 Kg8 55. Kh2 Ng5 56.
Rc5 Qe4 57. Qxe4 Nxe4 58. Rxa5 Nd6 59. Ra8+ Kh7 60. a4 e5 61. Rd8 Nc4 62. Rc8 Nb6
63. Rc7 Nxa4 64. Rxf7 Kg6 65. Rc7 Nb6 66. Rc6+ Kg5 67. Rxb6 Kf4 68. Rg6 e4 69. Rxg7
Ke3 70. Rg6 1-0

[Event "2024 British Rapidplay Championship"]
[Site "Holiday Inn Peterborough - West"]
[Date "2024.03.02"]
[Round "3.67"]
[White "Mehta, Sophie"]
[Black "Mokhber-Garcia, Sebastian"]
[Result "0-1"]
[WhiteFideId "487996"]
[BlackFideId "499269"]
[WhiteElo "1635"]
[BlackElo "1909"]
[EventDate "2024.03.02"]

1. d4 Nf6 2. Bf4 e6 3. Nf3 c5 4. e3 Qb6 5. Nc3 Nd5 6. Nxd5 exd5 7. dxc5 Qxb2 8. Bd6
Bxd6 9. cxd6 Qb4+ 10. Qd2 Qxd6 11. Bc4 Qf6 12. O-O dxc4 13. Qd5 O-O 14. Qxc4 b6 15.
Rad1 Ba6 16. Qd5 Bxf1 17. Qxa8 Be2 18. Re1 Nc6 19. Qb7 Bxf3 20. gxf3 Qxf3 21. Qxd7
Ne5 22. Qd4 Qf6 23. Kf1 Rd8 24. Qe4 Nf3 25. Re2 Rd1+ 26. Re1 Rxe1+ 27. Kg2 Rg1+ 0-1

[Event "2024 British Rapidplay Championship"]
[Site "Holiday Inn Peterborough - West"]
[Date "2024.03.02"]
[Round "3.68"]
[White "Fisher, Neal"]
[Black "Vaidyanathan, Adithya"]
[Result "0-1"]
[WhiteFideId "442100"]
[BlackFideId "495450"]
[WhiteElo "1647"]
[BlackElo "1805"]
[EventDate "2024.03.02"]

1. d4 Nf6 2. Bf4 g6 3. e3 Bg7 4. c3 O-O 5. Bd3 d6 6. Nf3 Nbd7 7. Bg5 h6 8. Bxf6 Bxf6
9. Qc2 e5 10. dxe5 Nxe5 11. Nxe5 Bxe5 12. Nd2 Bd7 13. Nf3 Bg7 14. O-O-O b5 15. Be4
Rb8 16. Bd5 c6 17. Be4 d5 18. Bd3 b4 19. c4 Qa5 20. Qb3 Be6 21. Nd4 dxc4 22. Bxc4
Bxc4 23. Qxc4 Rfc8 24. Kb1 Qe5 25. Rd2 Qe4+ 26. Qc2 Qxg2 27. Rdd1 c5 28. Nb3 c4 29.
Nd4 b3 30. Qe2 Qe4+ 31. Ka1 Bxd4 0-1

[Event "2024 British Rapidplay Championship"]
[Site "Holiday Inn Peterborough - West"]
[Date "2024.03.02"]
[Round "3.69"]
[White "Chedd, Neil"]
[Black "Keohane, Benedict A"]
[Result "0-1"]
[WhiteFideId "343422853"]
[BlackFideId "433950"]
[WhiteElo "1603"]
[BlackElo "1855"]
[EventDate "2024.03.02"]

1. d4 c5 2. e3 g6 3. Nf3 Bg7 4. c3 Nf6 5. Bd3 d5 6. O-O Nc6 7. dxc5 e5 8. Bb5 O-O
9. Bxc6 bxc6 10. Nxe5 Qc7 11. f4 Ne4 12. Nd2 Nxc5 13. Ndf3 Ba6 14. Re1 f6 15. Qd4
Ne6 16. Qa4 Bb5 17. Qb3 fxe5 18. fxe5 Nc5 19. Qc2 Bxe5 20. a4 Bd3 21. Qd1 Be4 22.
Rf1 Bxf3 23. Rxf3 Bxh2+ 24. Kh1 Ne4 25. Bd2 Rxf3 26. Qxf3 Rf8 0-1

[Event "2024 British Rapidplay Championship"]
[Site "Holiday Inn Peterborough - West"]
[Date "2024.03.02"]
[Round "3.70"]
[White "Middleton, Tom"]
[Black "Knox, Edward"]
[Result "1/2-1/2"]
[WhiteFideId "402834"]
[BlackFideId "343432328"]
[WhiteElo "1947"]
[BlackElo "1661"]
[EventDate "2024.03.02"]

1. e4 d5 2. exd5 Qxd5 3. Nc3 Qd8 4. Nf3 c6 5. d4 Bf5 6. Bc4 e6 7. O-O Nf6 8. Re1
Be7 9. a4 O-O 10. h3 Nbd7 11. Qe2 Re8 12. Nh4 Bg6 13. Nxg6 hxg6 14. Be3 Nd5 15. Nxd5
exd5 16. Bd3 Nf6 17. c3 Bd6 18. Qc2 Re6 19. Bg5 Qe7 20. Rxe6 Qxe6 21. Bxf6 gxf6 22.
Kf1 Re8 23. Qd2 Kg7 24. Re1 1/2-1/2

[Event "2024 British Rapidplay Championship"]
[Site "Holiday Inn Peterborough - West"]
[Date "2024.03.02"]
[Round "3.71"]
[White "Liu, Jacob"]
[Black "Killeen, Robert T"]
[Result "1-0"]
[WhiteFideId "496960"]
[BlackFideId "343444466"]
[WhiteElo "1573"]
[BlackElo "1945"]
[EventDate "2024.03.02"]

1. e4 e5 2. Nf3 Nc6 3. Bc4 Nf6 4. Ng5 d5 5. exd5 Nd4 6. c3 b5 7. Bf1 Nxd5 8. Ne4
Qh4 9. Ng3 Ne6 10. Bxb5+ Bd7 11. Bxd7+ Kxd7 12. O-O Bc5 13. Qf3 c6 14. Qxf7+ Qe7
15. Qxe7+ Nxe7 16. d3 Rhf8 17. Nd2 Rad8 18. Nde4 Kc8 19. Nxc5 Nxc5 20. Bg5 Rd7 21.
Rad1 h6 22. Bxe7 Rxe7 23. Ne4 Ne6 24. Rfe1 Rd8 25. g3 Rb7 26. b3 Rbd7 27. Re3 Rd5
28. f3 Kc7 29. Kg2 Ra5 30. Re2 Rad5 31. Nf2 Nc5 32. c4 Rd4 33. Rxe5 Nxd3 34. Rxd3
Rxd3 35. Nxd3 Rxd3 36. Re7+ Kb6 37. Kf2 Rd2+ 38. Re2 Rd7 39. f4 Kc5 40. h3 a5 41.
g4 a4 42. f5 axb3 43. axb3 Kb4 44. Re3 Rd2+ 45. Kf3 Rh2 46. Kg3 Rb2 47. h4 Rb1 48.
g5 hxg5 49. hxg5 Rg1+ 50. Kf4 Rf1 51. Rf3 Rg1 52. f6 gxf6 53. gxf6 Rg8 54. f7 Rf8
55. Ke5 Ra8 1-0